<?xml version="1.0" encoding="UTF-8"?>
<record
    xmlns:xsi="http://www.w3.org/2001/XMLSchema-instance"
    xsi:schemaLocation="http://www.loc.gov/MARC21/slim http://www.loc.gov/standards/marcxml/schema/MARC21slim.xsd"
    xmlns="http://www.loc.gov/MARC21/slim">

  <leader>00765nam a2200229Ia 4500</leader>
  <controlfield tag="001">1118</controlfield>
  <controlfield tag="003">GE_BSU</controlfield>
  <controlfield tag="008">181216s||||||||xx |||||||||||||| ||und||</controlfield>
  <datafield tag="040" ind1=" " ind2=" ">
    <subfield code="c">GE_BSU</subfield>
  </datafield>
  <datafield tag="080" ind1=" " ind2=" ">
    <subfield code="a">639.51</subfield>
  </datafield>
  <datafield tag="100" ind1=" " ind2=" ">
    <subfield code="a">&#x425;&#x43C;&#x435;&#x43B;&#x435;&#x432;&#x430;,&#x41D;.&#x41D;.</subfield>
  </datafield>
  <datafield tag="245" ind1=" " ind2=" ">
    <subfield code="a">&#x41F;&#x440;&#x43E;&#x434;&#x443;&#x43A;&#x446;&#x438;&#x44F; &#x43A;&#x43E;&#x440;&#x43C;&#x43E;&#x432;&#x44B;&#x445; &#x438; &#x43F;&#x440;&#x43E;&#x43C;&#x44B;&#x441;&#x43B;&#x43E;&#x432;&#x44B;&#x445; &#x440;&#x430;&#x43A;&#x43E;&#x43E;&#x431;&#x440;&#x430;&#x437;&#x43D;&#x44B;&#x445;(&#x433;&#x435;&#x43D;&#x435;&#x440;&#x430;&#x442;&#x438;&#x432;&#x43D;&#x430;&#x44F; &#x438; &#x44D;&#x43A;&#x437;&#x443;&#x432;&#x438;&#x430;&#x43B;&#x44C;&#x43D;&#x430;&#x44F;)</subfield>
  </datafield>
  <datafield tag="245" ind1=" " ind2=" ">
    <subfield code="b">&#x410;&#x41D; &#x411;&#x435;&#x43B;&#x43E;&#x440;&#x443;&#x441;&#x441;&#x43A;&#x43E;&#x439; &#x421;&#x421;&#x420;. &#x418;&#x43D;&#x441;&#x442;&#x438;&#x442;&#x443;&#x442; &#x437;&#x43E;&#x43E;&#x43B;&#x43E;&#x433;&#x438;&#x438;</subfield>
  </datafield>
  <datafield tag="260" ind1=" " ind2=" ">
    <subfield code="a">&#x41C;&#x438;&#x43D;&#x441;&#x43A;</subfield>
  </datafield>
  <datafield tag="260" ind1=" " ind2=" ">
    <subfield code="b">&#x41D;&#x430;&#x43A;&#x430; &#x438; &#x442;&#x435;&#x445;&#x43D;&#x438;&#x43A;&#x430;</subfield>
  </datafield>
  <datafield tag="260" ind1=" " ind2=" ">
    <subfield code="c">1984</subfield>
  </datafield>
  <datafield tag="300" ind1=" " ind2=" ">
    <subfield code="a">216&#x441;&#x442;&#x440;.</subfield>
  </datafield>
  <datafield tag="541" ind1=" " ind2=" ">
    <subfield code="h">6&#x43B;.</subfield>
  </datafield>
  <datafield tag="653" ind1=" " ind2=" ">
    <subfield code="a">&#x417;&#x43E;&#x43E;&#x43B;&#x43E;&#x433;&#x438;&#x44F;</subfield>
  </datafield>
  <datafield tag="653" ind1=" " ind2=" ">
    <subfield code="a">&#x41F;&#x440;&#x43E;&#x434;&#x443;&#x43A;&#x446;&#x438;&#x44F; &#x43A;&#x43E;&#x440;&#x43C;&#x43E;&#x432;&#x44B;&#x445; &#x438; &#x43F;&#x440;&#x43E;&#x43C;&#x44B;&#x441;&#x43B;&#x43E;&#x432;&#x44B;&#x445; &#x440;&#x430;&#x43A;&#x43E;&#x43E;&#x431;&#x440;&#x430;&#x437;&#x43D;&#x44B;&#x445;</subfield>
  </datafield>
  <datafield tag="942" ind1=" " ind2=" ">
    <subfield code="c">BK</subfield>
  </datafield>
  <datafield tag="999" ind1=" " ind2=" ">
    <subfield code="c">35269</subfield>
    <subfield code="d">35269</subfield>
  </datafield>
  <datafield tag="952" ind1=" " ind2=" ">
    <subfield code="0">0</subfield>
    <subfield code="1">0</subfield>
    <subfield code="4">0</subfield>
    <subfield code="7">0</subfield>
    <subfield code="9">33604</subfield>
    <subfield code="d">2018-12-17</subfield>
    <subfield code="p">2002</subfield>
    <subfield code="r">2018-12-17</subfield>
    <subfield code="w">2018-12-17</subfield>
    <subfield code="y">BK</subfield>
  </datafield>
</record>
